000 00575nam a2200229Ia 4500
008 210210b2009 xxu||||| |||| 00| 0 eng d
020 _a813091087X
041 _aeng
082 _a658.8 BPPB
100 _aBPP LEARNING MEDIA
245 _aBusiness essentials: advanced marketing and sales
260 _aNew Delhi
_bViva Books Private Limited
_c2009
300 _aviii,668
650 _asales
650 _amarketing
650 _aessentials:
650 _aBusiness
650 _aand
650 _aadvanced
690 _aMarketing Management
906 _a064469
999 _c141437
_d141437